00293nam a2200109Ia 4500008004100000100003300041245003300074260000900107300003400116440002400150650000900174180117s9999 xx 000 0 und d aby Cheshire Que, RND, RN, RD aOrganic vs Conventional Food c2017 a12-14 pages, 2017 November 19 aPhilippine Panorama aFOOD